000 00844nam a22003010a 4500
001 PT746
003 AR-LpoUNG
005 20210131232635.0
008 191001s1989||||mx |||||||||||||||||spa d
020 _a9686384049
_c$3.00
040 _aAR-LpoUNG
_bspa
_cAR-LpoUNG
_eaacr
041 _aspa
044 _amx
082 0 _a982 365
100 1 _aLattuca, Hada
245 1 3 _aLa inmigración italiana en el litoral :
_bel caso de Santa Fe
260 _aMéxico, D. F. :
_bOrganización de los Estados Americanos,
_c1989.
300 _a67 p. :
_bgráfs., il.
650 4 _aHISTORIA
650 4 _aHISTORIA LOCAL
650 4 _aHISTORIA NACIONAL
650 4 _aINVESTIGACION HISTORICA
651 4 _aArgentina
700 1 _aMoreno, Alicia
710 2 _aInstituto Panamericano de Geografía e Historia
905 _a746
942 _cLIB
999 _c16695
_d16695